000 00624nam a22001697a 4500
005 20251108164356.0
008 250721s1991 xx 000 0 ara d
082 1 4 _a412.9/رشي
100 1 _aاللقاني، رشيدة عبد الحميد
245 1 0 _aألفاظ الحياة الإجتماعية في كتابات الجاحظ :
_bدراسة في التطور الدلالي للعربية /
264 1 _aالإسكندرية :
_bدار المعرفة الجامعية،
_c1991.
300 _a490ص
650 1 7 _aعلم الدلالة
650 1 7 _aاللغة العربية
942 _2ddc
_cBK
999 _c10607
_d10607